<?xml version="1.0" encoding="UTF-8"?>
<record
    xmlns:xsi="http://www.w3.org/2001/XMLSchema-instance"
    xsi:schemaLocation="http://www.loc.gov/MARC21/slim http://www.loc.gov/standards/marcxml/schema/MARC21slim.xsd"
    xmlns="http://www.loc.gov/MARC21/slim">

  <leader>01802    a2200229   4500</leader>
  <controlfield tag="001">40733</controlfield>
  <controlfield tag="005">20260407155703.0</controlfield>
  <controlfield tag="008">260407a2014    arg                 spa d</controlfield>
  <controlfield tag="003">AR-UNSa-BCEJYS</controlfield>
  <datafield tag="040" ind1=" " ind2=" ">
    <subfield code="a">AR-UNSa-BCEJYS</subfield>
    <subfield code="b">spa</subfield>
    <subfield code="c">AR-UNSa-BCEJYS</subfield>
  </datafield>
  <datafield tag="080" ind1=" " ind2=" ">
    <subfield code="a">336.71</subfield>
    <subfield code="x">Bancos. Sistema bancario </subfield>
  </datafield>
  <datafield tag="245" ind1="1" ind2="0">
    <subfield code="a">Central banking</subfield>
    <subfield code="p">theory and practice in sustaining monetary and financial stability</subfield>
  </datafield>
  <datafield tag="020" ind1=" " ind2=" ">
    <subfield code="a">978-1-118-83246-2</subfield>
  </datafield>
  <datafield tag="264" ind1=" " ind2="1">
    <subfield code="a">Fusionopolis :</subfield>
    <subfield code="b">John Wiley &amp; Sons</subfield>
    <subfield code="c">2014</subfield>
  </datafield>
  <datafield tag="300" ind1=" " ind2=" ">
    <subfield code="a">xiii, 318 p.</subfield>
    <subfield code="c">26 cm.</subfield>
  </datafield>
  <datafield tag="505" ind1=" " ind2=" ">
    <subfield code="a">1. A Brief Look at Central Banking History - 2. A Brief Overview of the International Monetary System - 3. Modern Central Banking Roles and Functions: What Exactly Is a Central Bank? - 4. A Brief Review of Modern Central Banking Mandates: What Are the Goals That Modern Central Banks Try to Achieve? - 5. Theoretical Foundations of the Practice of Modern Monetary Policy - 6. Monetary Policy Regimes: What Monetary Policy Rules a Central Bank Can Use to Achieve Monetary Stability - 7. Monetary Policy Implementation: Financial Market Operations - 8. The Monetary Policy Transmission Mechanism: How Changes in Interest Rates Affect Households, Firms, Financial Institutions, Economic Activity, and Inflation - 9. The Exchange Rate and Central Banking - 10. Financial Stability: Definition, Analytical Framework, and Theoretical Foundation - 11. Financial Stability: Monitoring and Identifying Risks - 12. Financial Stability: Intervention Tools - 13. Future Challenges for Central Banking - 14. Future Central Banking Strategy and Its Execution</subfield>
  </datafield>
  <datafield tag="041" ind1=" " ind2=" ">
    <subfield code="a">spa</subfield>
  </datafield>
  <datafield tag="942" ind1=" " ind2=" ">
    <subfield code="c">BK</subfield>
  </datafield>
  <datafield tag="590" ind1=" " ind2=" ">
    <subfield code="a">niveau_biblio:m niveau_hierar:0</subfield>
  </datafield>
  <datafield tag="100" ind1="1" ind2=" ">
    <subfield code="a">Moenjak, Thammarak</subfield>
  </datafield>
  <datafield tag="856" ind1="4" ind2="1">
    <subfield code="u">https://biblioeco.unsa.edu.ar/pmb/images/libros/L126241_01.jpg</subfield>
    <subfield code="y">Imagen de portada</subfield>
    <subfield code="q">image/jpeg</subfield>
  </datafield>
  <datafield tag="999" ind1=" " ind2=" ">
    <subfield code="c">3299</subfield>
    <subfield code="d">3299</subfield>
  </datafield>
  <datafield tag="952" ind1=" " ind2=" ">
    <subfield code="0">0</subfield>
    <subfield code="1">0</subfield>
    <subfield code="4">0</subfield>
    <subfield code="7">0</subfield>
    <subfield code="a">BCEJYS</subfield>
    <subfield code="b">BCEJYS</subfield>
    <subfield code="c">16</subfield>
    <subfield code="d">2026-04-07</subfield>
    <subfield code="l">0</subfield>
    <subfield code="o">336.71 M693</subfield>
    <subfield code="p">L126241</subfield>
    <subfield code="r">2026-04-07 15:57:03</subfield>
    <subfield code="w">2026-04-07</subfield>
    <subfield code="y">L</subfield>
  </datafield>
</record>
